<?xml version="1.0" encoding="UTF-8"?><?xml-stylesheet type="text/xsl" href="static/style.xsl"?><OAI-PMH xmlns="http://www.openarchives.org/OAI/2.0/" xmlns:xsi="http://www.w3.org/2001/XMLSchema-instance" xsi:schemaLocation="http://www.openarchives.org/OAI/2.0/ http://www.openarchives.org/OAI/2.0/OAI-PMH.xsd"><responseDate>2026-06-01T13:38:59Z</responseDate><request verb="GetRecord" identifier="oai:riuma.uma.es:10630/7995" metadataPrefix="marc">https://riuma.uma.es/rest/oai/request</request><GetRecord><record><header><identifier>oai:riuma.uma.es:10630/7995</identifier><datestamp>2026-02-03T11:56:30Z</datestamp><setSpec>com_10630_2254</setSpec><setSpec>col_10630_37959</setSpec></header><metadata><record xmlns="http://www.loc.gov/MARC21/slim" xmlns:dcterms="http://purl.org/dc/terms/" xmlns:doc="http://www.lyncode.com/xoai" xmlns:xsi="http://www.w3.org/2001/XMLSchema-instance" xsi:schemaLocation="http://www.loc.gov/MARC21/slim http://www.loc.gov/standards/marcxml/schema/MARC21slim.xsd">
   <leader>00925njm 22002777a 4500</leader>
   <datafield ind2=" " ind1=" " tag="042">
      <subfield code="a">dc</subfield>
   </datafield>
   <datafield ind2=" " ind1=" " tag="720">
      <subfield code="a">Perepichka, Dmitrii</subfield>
      <subfield code="e">author</subfield>
   </datafield>
   <datafield ind2=" " ind1=" " tag="260">
      <subfield code="c">2014-09-04</subfield>
   </datafield>
   <datafield ind2=" " ind1=" " tag="520">
      <subfield code="a">Organic molecules with extended -conjugation can display unusual electronic properties, traditionally associated with solid state inorganic materials. Manipulating a molecular structure, one can design organic metals, semiconductors or superconductor, magnetic, non-linear optical and lasing materials and even combine several of these properties in a single material. Such behavior of “-functional” materials has already led to a number of technologies, eg. organic light-emitting diodes (OLED), field-effect transistors (OFET) and photovoltaics (OPV). However, the optimization of these properties and the performance of corresponding devices relies not only on a fine-tuned molecular structure but also on a difficult-to-control supramolecular organization in the solid state. Achieving such control, via molecular engineering of the building blocks, studies of their self-assembly by scanning probe and diffraction methods will be the focus of this lecture.&#xd;
	I will discuss how a combination of molecular, supramolecular, and nano/mesoscopic structure of organic semiconductors affects their electronic properties and device performance. I will describe our approaches to control the co-assembly of donor and acceptor semiconducting molecules, on surfaces (studied by STM) and in 3D crystals (studied by XRD). Finally, I will present our related work on synthesis of epitaxially ordered molecular wires and two-dimensional conjugated polymers by surface-confined polymerization.</subfield>
   </datafield>
   <datafield ind1="8" ind2=" " tag="024">
      <subfield code="a">http://hdl.handle.net/10630/7995</subfield>
   </datafield>
   <datafield tag="653" ind2=" " ind1=" ">
      <subfield code="a">Química física</subfield>
   </datafield>
   <datafield ind2="0" ind1="0" tag="245">
      <subfield code="a">Towards supramolecular design of organic semiconductors</subfield>
   </datafield>
</record>
</metadata></record></GetRecord></OAI-PMH>